000 00421nam a2200169Ia 4500
008 180921t2014 xxu||||| |||| 00| 1 sin d
041 _asin
080 _aX8C31
_bPIY
100 _aPiyadigama, Gayani Asinsala
245 _aපින්න මලක්
246 _aPinna Malak
260 _bAuthor
_aBibila
_c2014
300 _a205p., 21cm
942 _cBK
999 _c8273
_d8273
003 LK-CoDNM
040 _aLK-CoDNM
_dLK-CoDNM
_eLK-CoDNM